[Event "Titled Tue 18th Jul Early"]
[Site "chess.com INT"]
[Date "2023.07.18"]
[Round "10"]
[White "Ter Sahakyan, S."]
[Black "Svane, R."]
[Result "0-1"]
[WhiteElo "2604"]
[BlackElo "2625"]
[PlyCount "34"]
[EventDate "2023.07.18"]

1. d4 d5 2. c4 e6 3. Nf3 a6 4. c5 Nc6 5. Bf4 Nf6 6. Nc3 Nh5 7. e3 ({RR} 7. Bg5 Be7 8. Bxe7 Qxe7 9. e3 O-O 10. Be2 Rd8 11. O-O Nf6 12. a3 e5 13. b4 Bf5 14. Qb3 exd4 15. exd4 Be4 16. Rad1 Qe6 17. Ng5 Qf5 18. Ngxe4 dxe4 19. d5 Ne5 20. h3 Nf3+ 21. Kh1 Qf4 {Ohanyan,E (2516)-Svane,R (2624) chess.com INT 2026 1-0 (69)}) 7... h6 $146 ({RR} 7... Nxf4 8. exf4 g6 9. Ne5 Bd7 10. Be2 Bg7 11. O-O O-O 12. g3 b6 13. cxb6 cxb6 14. Rc1 Ne7 15. Na4 Bxa4 16. Qxa4 Qd6 17. Rc2 b5 18. Qa5 Rfc8 19. Rfc1 Rxc2 20. Rxc2 Nf5 21. Rc6 Qd8 22. Qxd8+ {Sapocinic,S (2296)-Svane,R (2619) chess.com INT 2025 1-0 (86)}) 8. Bd3 Nxf4 9. exf4 Qf6 10. Ne2 g5 11. g3 gxf4 12. Nxf4 Bd7 13. Nh5 Qe7 14. Qe2 O-O-O 15. O-O e5 16. Nxe5 Nxd4 17. Qe3 Qxe5 0-1

[Event "Barcelona"]
[Site "Barcelona"]
[Date "1992.05.??"]
[Round "8"]
[White "Akopian, Vladimir Eduardovic"]
[Black "Dorfman, Josif D"]
[Result "1/2-1/2"]
[WhiteElo "2605"]
[BlackElo "2605"]
[PlyCount "29"]
[EventDate "1992.05.??"]
[EventType "tourn"]
[EventRounds "11"]
[EventCountry "ESP"]
[EventCategory "13"]
[SourceTitle "CBM 030"]
[Source "ChessBase"]
[SourceDate "1992.10.01"]
[SourceVersion "1"]
[SourceVersionDate "1992.10.01"]
[SourceQuality "1"]

1. c4 e6 2. Nf3 Nf6 3. g3 d5 4. b3 c5 5. Bg2 Nc6 6. cxd5 exd5 7. O-O Be7 8. d4 Ne4 9. Bb2 Bf6 10. Nc3 ({RR} 10. e3 O-O 11. Nbd2 Bg4 12. h3 Bh5 13. Qc1 cxd4 14. Nxd4 Nxd4 15. Bxd4 Bxd4 16. exd4 Rc8 17. Qb2 Nc3 18. Rfe1 Qb6 19. g4 Bg6 20. Nf3 Be4 21. Qd2 h6 22. Ne5 Bxg2 23. Nd7 Qc7 24. Nxf8 Bxh3 {Mestnikov,A (2077)-Vakhlamov,I (2413) chess.com INT 2026 0-1 (40)}) 10... Nxd4 $146 ({RR} 10... cxd4 11. Nxe4 dxe4 12. Nd2 O-O 13. Nxe4 Be7 14. Rc1 Re8 15. a3 Qb6 16. Nd2 Be6 17. Nc4 Bxc4 18. Rxc4 Bf6 19. Bxc6 bxc6 20. Bxd4 Bxd4 21. Rxd4 Rxe2 22. Qxe2 Qxd4 23. Rd1 Qf6 24. Rd7 g6 25. Kg2 {Nihal,S (2693)-Narayanan,S (2694) chess.com INT 2024 1-0 (36)}) 11. Nxd4 Bxd4 12. Qc2 Bxc3 13. Bxc3 O-O 14. Bxe4 dxe4 15. Qxe4 1/2-1/2

[Event "EU-ch 10th"]
[Site "Budva"]
[Date "2009.03.17"]
[Round "11"]
[White "Sakaev, Konstantin"]
[Black "Timofeev, Artyom"]
[Result "1/2-1/2"]
[WhiteElo "2619"]
[BlackElo "2671"]
[PlyCount "27"]
[EventDate "2009.03.06"]
[EventType "swiss"]
[EventRounds "11"]
[EventCountry "MNE"]
[SourceTitle "CBM 130"]
[Source "ChessBase"]
[SourceDate "2009.05.20"]
[SourceVersion "1"]
[SourceVersionDate "2009.05.20"]
[SourceQuality "1"]

1. d4 d5 2. c4 e6 3. Nf3 c6 4. Qc2 Nf6 5. g3 dxc4 6. Qxc4 b5 7. Qd3 Bb7 8. Bg2 Nbd7 9. O-O a6 10. Nfd2 ({RR} 10. a4 c5 11. dxc5 Bxc5 12. axb5 Be4 13. Qb3 Bd5 14. Qd3 Be4 15. Qb3 Bd5 16. Qd3 {½-½ (16) Graf,A (2646)-Lautier,J (2666) Plovdiv 2003}) ({RR} 10. a4 c5 11. dxc5 Be4 12. Qd1 Bxc5 13. Nbd2 Bd5 14. Nb3 Bb6 15. Nfd4 Bxg2 16. Kxg2 bxa4 17. Rxa4 O-O 18. Bg5 h6 19. Bxf6 Nxf6 20. Qd3 Qd5+ {½-½ (20) Luch,M (2356)-Backiel,H (2270) Chotowa 2025}) 10... Be7 11. Nc3 O-O $146 ({RR} 11... Qb6 12. a4 O-O 13. Nb3 Rfd8 14. Be3 Ng4 15. Bd2 Nde5 16. Qc2 Nc4 17. Bc1 Rac8 18. Ne4 Ba8 19. Rd1 Nf6 20. Bg5 a5 21. Nbc5 Nd6 22. Nxd6 Bxd6 23. Bxf6 gxf6 24. Rac1 Be7 25. e3 f5 26. Qb3 {Kopylov,M (2466)-Fodor,T (2476) Germany 2011 1-0 (72)}) 12. Nb3 Qb6 13. Ne4 Nxe4 14. Bxe4 1/2-1/2

[Event "FIDE World Cup"]
[Site "Baku"]
[Date "2015.09.12"]
[Round "1.2"]
[White "Grachev, Boris V"]
[Black "Motylev, Alexander"]
[Result "1/2-1/2"]
[WhiteElo "2649"]
[BlackElo "2649"]
[PlyCount "23"]
[EventDate "2015.09.11"]
[EventType "k.o."]
[EventRounds "7"]
[EventCountry "AZE"]
[SourceTitle "CBM 169"]
[Source "ChessBase"]
[SourceDate "2015.11.10"]
[SourceVersion "1"]
[SourceVersionDate "2015.11.10"]
[SourceQuality "1"]

1. d4 Nf6 2. Nf3 d5 3. c4 e6 4. e3 Be7 5. Nbd2 O-O 6. Be2 ({RR} 6. b3 c5 7. Bb2 Nc6 8. cxd5 Nxd5 9. dxc5 Bxc5 10. a3 b6 11. b4 Be7 12. Rc1 Bb7 13. Bc4 Bf6 14. Qb3 Bxb2 15. Qxb2 Nf6 16. O-O Qe7 17. Rc2 Rac8 18. Rfc1 Nb8 19. Be2 Rfd8 20. Rxc8 Rxc8 {Karpov,A (2616)-Alekseev,E (2683) Germany 2013 ½-½ (63)}) 6... c5 ({RR} 6... b6 7. O-O Bb7 8. b3 c5 9. Bb2 Nc6 10. Rc1 cxd4 11. exd4 Rc8 12. Qc2 dxc4 13. bxc4 Na5 14. Qb1 Rc7 15. Bd3 h6 16. Rfe1 Qa8 17. Qa1 Nh5 18. Bf1 Rfc8 19. Bc3 Bxf3 20. Bxa5 Bb7 21. Bc3 {Sertic,R (2330)-Petrov,J (2343) Veli Losinj CRO 2025 1-0 (58)}) 7. dxc5 dxc4 8. Nxc4 $146 ({RR} 8. Bxc4 Bxc5 9. O-O a6 10. Qe2 Nc6 11. a3 e5 12. b4 Ba7 13. Bb2 Qe7 14. Nb3 b5 15. Bd3 e4 16. Qc2 exd3 17. Qxc6 Bb7 18. Bxf6 gxf6 19. Qc3 Rfd8 20. Nbd4 Bxd4 21. Nxd4 Qe4 22. Nf3 Qg6 {Delander,A (2190)-Schmidt,G (2237) Finsterbergen 2003 ½-½ (41)}) 8... Qxd1+ 9. Bxd1 Bxc5 10. Nfe5 Nbd7 11. Bf3 Rb8 12. O-O 1/2-1/2

[Event "Titled Tue 4th Feb Early"]
[Site "chess.com INT"]
[Date "2025.02.04"]
[Round "10"]
[White "Deac, Bogdan-Daniel"]
[Black "Anton Guijarro, D."]
[Result "1-0"]
[WhiteElo "2692"]
[BlackElo "2668"]
[PlyCount "19"]
[EventDate "2025.02.04"]

1. d4 d5 2. c4 e6 3. Nf3 c6 4. Qc2 dxc4 5. Qxc4 Nf6 6. Bf4 ({RR} 6. Qc2 c5 7. dxc5 Nc6 8. a3 Bd7 9. b4 a5 10. b5 Na7 11. a4 Nd5 12. e4 Nb4 13. Qb3 Bxc5 14. Be2 O-O 15. O-O Nc8 16. Bb2 f6 17. Nbd2 Nb6 18. Nc4 Qe7 19. Rfd1 Be8 20. Bd4 Nd7 {Gelfand,B (2743)-Ponomariov,R (2714) Beijing 2014 ½-½ (57)}) ({RR} 6. Nbd2 b5 7. Qc2 Bb7 8. e4 a6 9. e5 Nd5 10. a3 Nd7 11. Ne4 Qc7 12. b4 a5 13. bxa5 Qxa5+ 14. Bd2 Qa4 15. Qxa4 Rxa4 16. Nd6+ Bxd6 17. exd6 f6 18. Bd3 Kf7 19. Bc2 Ra7 20. Ke2 Rha8 {Bonin,J (2139)-Mischuk,D (2298) chess.com INT 2024 1-0 (47)}) 6... Be7 7. Qc2 $146 ({RR} 7. Nbd2 b5 8. Qc2 Nbd7 9. Qxc6 Nd5 10. Qxa8 Nxf4 11. e3 Nd5 12. Bxb5 O-O 13. Qxa7 N7f6 14. O-O Bd6 15. Nc4 Bc7 16. Rac1 Nd7 17. Bxd7 Bxd7 18. Nfe5 f6 19. Nxd7 Qxd7 20. e4 Bxh2+ 21. Kxh2 Qxa7 {Kwiek,J (1648)-Kaczmarczyk,M (1566) Warsaw 2013 1-0 (31)}) 7... Nbd7 8. e4 c5 9. Nbd2 cxd4 10. Bc7 1-0

[Event "RUS-chT 16th"]
[Site "Dagomys"]
[Date "2009.04.08"]
[Round "5"]
[White "Alekseev, Evgeny V"]
[Black "Shirov, Alexei"]
[Result "1/2-1/2"]
[WhiteElo "2716"]
[BlackElo "2745"]
[PlyCount "19"]
[EventDate "2009.04.04"]
[EventType "team-tourn"]
[EventRounds "7"]
[EventCountry "RUS"]
[SourceTitle "EXT 2020"]
[Source "ChessBase"]
[SourceDate "2019.10.17"]
[SourceVersion "1"]
[SourceVersionDate "2019.10.17"]
[SourceQuality "1"]
[WhiteTeam "Saratov Ekonomist SGSEU"]
[BlackTeam "Sverdlovsk Ural region"]
[WhiteTeamCountry "RUS"]
[BlackTeamCountry "RUS"]

1. Nf3 d5 2. d4 Nf6 3. c4 e6 4. e3 c5 5. cxd5 exd5 6. Bb5+ Bd7 7. Bxd7+ Nbxd7 8. dxc5 Nxc5 9. O-O Nce4 $146 ({RR} 9... Bd6 10. Nc3 Rc8 11. Qd4 O-O 12. Rd1 Qb6 13. Ne2 Qa6 14. Ng3 Bxg3 15. hxg3 Nb3 16. axb3 Qxa1 17. Qa4 Qb1 18. Nd2 Qd3 19. Qd4 Qe2 20. Rf1 Ng4 21. Nb1 Rxc1 22. Rxc1 Qxf2+ 23. Kh1 Qxg3 24. Qf4 {Forster,J-Lasch,P Buehl 1983 1-0}) ({RR} 9... Bd6 10. Nc3 Nce4 11. Nxd5 Bxh2+ 12. Nxh2 Qxd5 13. Qxd5 Nxd5 14. f3 Nc5 15. e4 Nb4 16. Bd2 Nc6 17. Ng4 Rd8 18. Rfd1 f6 19. Ne3 Kf7 20. Nf5 Nd3 21. Bc3 Rd7 22. Rd2 Rhd8 23. Rad1 b5 24. b4 {Carlsen,M (2775)-Polgar,J (2711) Mainz 2008 ½-½ (33)}) ({RR} 9... Be7 10. Bd2 O-O 11. Bc3 Nfe4 12. Bd4 Ne6 13. Be5 Rc8 14. Nc3 Nxc3 15. Bxc3 Qd7 16. Qe2 Rfd8 17. Rfd1 Qe8 18. Rac1 a6 19. h3 Bf8 20. Nd4 Nc5 21. Bb4 Ne6 22. Rxc8 Rxc8 23. Bxf8 Qxf8 24. Qf3 {Pert,R (2416)-Kasimdzhanov,R (2675) London ENG 2025 0-1 (57)}) 10. Bd2 1/2-1/2

[Event "Zagreb Peace"]
[Site "Zagreb"]
[Date "2018.11.12"]
[Round "1"]
[White "Kozul, Zdenko"]
[Black "Adhiban, Baskaran"]
[Result "0-1"]
[WhiteElo "2612"]
[BlackElo "2682"]
[PlyCount "220"]
[EventDate "2018.11.12"]
[EventType "tourn"]
[EventRounds "11"]
[EventCountry "CRO"]
[EventCategory "16"]
[SourceTitle "CBM 187 Extra"]
[Source "ChessBase"]
[SourceDate "2018.11.04"]
[SourceVersion "1"]
[SourceVersionDate "2018.11.04"]
[SourceQuality "1"]

1. d4 d5 2. c4 c6 3. Nf3 Nf6 4. e3 e6 5. Bd3 dxc4 6. Bxc4 Nbd7 7. O-O Bd6 8. Nbd2 O-O 9. Be2 c5 10. b3 b6 11. Nc4 Bc7 12. a4 $146 ({RR} 12. Bb2 Bb7 13. dxc5 Nxc5 14. Qd4 Qe7 15. Rfd1 Be4 16. Nce5 Rfd8 17. Qc4 Rac8 18. Rxd8+ Rxd8 19. b4 Bd5 20. Qc2 Be4 21. Qc4 Bd5 22. Qc2 Be4 {½-½ (22) Lund,G (2335)-Raja,R (2532) Fagernes NOR 2024}) ({RR} 12. Bb2 Bb7 13. Rc1 {½-½ (13) Aleksandrov,A (2592)-Adhiban,B (2654) Moscow 2020}) 12... Bb7 13. Ba3 Ne4 14. Rc1 Qf6 15. Ncd2 Rac8 16. Nxe4 Bxe4 17. Nd2 Bb7 18. Bf3 Ba6 19. Re1 Rfd8 20. b4 cxb4 21. Bxb4 Bb8 22. Qb3 Qg6 23. Ne4 Nf6 24. Nxf6+ Qxf6 25. Qa3 Qg6 26. Be7 Re8 27. h3 h6 28. Bd6 Qd3 29. Bc6 Bxd6 30. Qxd6 Rf8 31. Qe7 Bc4 32. Bf3 a6 33. Qa7 Qb3 34. Ra1 Bd3 35. e4 Rc2 36. d5 Qb4 37. Red1 Qd4 38. a5 Qxf2+ 39. Kh1 Be2 40. Bxe2 Qxe2 41. Rg1 bxa5 42. d6 Rd2 43. Qe7 Qxe4 44. Rad1 Rxd1 45. Rxd1 Qc2 46. Rf1 Qc5 47. Rb1 g6 48. Qc7 Qe5 49. Rb6 Qe1+ 50. Kh2 Qe5+ 51. Kh1 a4 52. Rxa6 Qe1+ 53. Kh2 Qe5+ 54. Kh1 Qf4 55. Ra7 Qf1+ 56. Kh2 Qf4+ 57. Kh1 Kg7 58. Qc3+ Qf6 59. Qc7 Rd8 60. Rxa4 e5 61. d7 Qe7 62. Ra5 e4 63. Re5 Qxd7 64. Qxd7 Rxd7 65. Rxe4 g5 66. g4 Rd2 67. Kg1 Kg6 68. Re8 Rc2 69. Ra8 Re2 70. Rh8 Rd2 71. Ra8 Rb2 72. Rh8 Re2 73. Ra8 h5 74. Rg8+ Kf6 75. gxh5 Re4 76. Kg2 Rh4 77. Ra8 Rxh5 78. Ra6+ Kf5 79. Ra5+ Kg6 80. Ra6+ Kg7 81. Ra5 Kg6 82. Ra6+ f6 83. Ra8 Rh7 84. Kg3 f5 85. Rg8+ Kh5 86. Rf8 Kg6 87. Rg8+ Rg7 88. Rf8 Rb7 89. Rg8+ Kh6 90. Rf8 Rb3+ 91. Kg2 Kg6 92. Kh2 Rb2+ 93. Kg3 f4+ 94. Kf3 Rb3+ 95. Kg2 Kg7 96. Rf5 Kg6 97. Rf8 Rb5 98. h4 Kg7 99. Ra8 g4 100. Ra4 Rf5 101. Kf2 Kg6 102. Ra8 Rf6 103. Rg8+ Kh5 104. Rh8+ Rh6 105. Rf8 g3+ 106. Kg2 Kg4 107. Rg8+ Kxh4 108. Kf3 Kh3 109. Rg7 Kh2 110. Rg8 Kh1 0-1

[Event "Olympiad-44"]
[Site "Chennai"]
[Date "2022.08.07"]
[Round "9.2"]
[White "Tabatabaei, Mohammad Amin"]
[Black "Van Foreest, Jorden"]
[Result "1/2-1/2"]
[WhiteElo "2664"]
[BlackElo "2678"]
[PlyCount "217"]
[EventDate "2022.07.29"]
[EventType "team-swiss"]
[EventRounds "11"]
[EventCountry "IND"]
[SourceTitle "EXT 2023"]
[Source "ChessBase"]
[SourceDate "2022.10.05"]
[SourceVersion "1"]
[SourceVersionDate "2022.10.05"]
[SourceQuality "1"]
[WhiteTeam "Iran"]
[BlackTeam "Netherlands"]
[WhiteTeamCountry "IRI"]
[BlackTeamCountry "NED"]

1. Nf3 d5 2. d4 c5 3. c4 e6 4. cxd5 exd5 5. g3 Nf6 6. Bg2 Nc6 7. O-O Be7 8. dxc5 Bxc5 9. a3 Ne4 10. b4 Be7 11. Bb2 Bf6 12. Bxf6 Qxf6 13. Qxd5 Be6 14. Qxe4 Qxa1 15. b5 Nd8 16. Qb4 Qf6 17. Nc3 Qe7 18. Nd4 Rc8 19. Ne4 Qxb4 20. axb4 Rc7 $146 ({RR} 20... O-O 21. e3 Rc7 22. Ra1 b6 23. f4 Rd7 24. Ng5 h6 25. Ngf3 f6 26. Kf2 Rc7 27. Nd2 {½-½ (27) Laylo,D (2408)-Azarya,J (2389) Hanoi VIE 2024}) 21. Ra1 Ke7 22. Nc5 b6 23. Nd3 Kf6 24. f4 Re8 25. Ne5 Bd7 26. Ndc6 Bxc6 27. bxc6 b5 28. Nd7+ Ke7 29. Nb8 Ne6 30. Na6 Rcc8 31. Kf2 Red8 32. Ra5 Rd2 33. Ke3 Rb2 34. f5 Rb3+ 35. Kf2 Nd4 36. Nc5 Rxb4 37. Rxa7+ Ke8 38. Bd5 Rxc6 39. Bxf7+ Kf8 40. Ne6+ Nxe6 41. Bxe6 Rc2 42. Rf7+ Ke8 43. Rxg7 Re4 44. Kf3 Rexe2 45. Rxh7 Rxh2 46. Rb7 Rc3+ 47. Kf4 Rf2+ 48. Ke5 Rxg3 49. Rb8+ Ke7 50. f6+ Rxf6 51. Rb7+ Kd8 52. Kxf6 Rd3 53. Ke5 Ra3 54. Rd7+ Ke8 55. Rh7 Kd8 56. Bd5 Ra6 57. Rb7 b4 58. Be6 Rc6 59. Rxb4 Rc7 60. Kf6 Rc6 61. Rb7 Rd6 62. Ke5 Rc6 63. Rd7+ Kc8 64. Rh7+ Kd8 65. Rh8+ Ke7 66. Bd5 Rc7 67. Rh6 Rd7 68. Bc6 Rc7 69. Re6+ Kf8 70. Kd6 Rf7 71. Re8+ Kg7 72. Bd5 Rf8 73. Re1 Kf6 74. Be6 Rd8+ 75. Bd7 Rf8 76. Rg1 Rf7 77. Rf1+ Kg7 78. Bf5 Kf8 79. Rf2 Rf6+ 80. Ke5 Ke7 81. Rc2 Rf7 82. Rc6 Rg7 83. Re6+ Kd8 84. Kf6 Rb7 85. Rc6 Rf7+ 86. Ke5 Rc7 87. Rh6 Ke7 88. Be4 Rc5+ 89. Bd5 Rc7 90. Bc6 Kd8 91. Rd6+ Ke7 92. Re6+ Kf8 93. Kd6 Rf7 94. Bd5 Kg7 95. Re1 Rf5 96. Ke6 Rg5 97. Be4 Kh6 98. Bf5 Rg3 99. Kf6 Rg6+ 100. Ke5 Rg2 101. Be4 Rg7 102. Kf4 Rf7+ 103. Bf5 Kg7 104. Ke5 Kf8 105. Be6 Rg7 106. Rh1 Ke7 107. Rh5 Kf8 108. Kf6 Rf7+ 109. Bxf7 1/2-1/2

[Event "EU-Cup 20th"]
[Site "Izmir"]
[Date "2004.10.08"]
[Round "6.3"]
[White "Sokolov, Ivan"]
[Black "Timofeev, Artyom"]
[Result "0-1"]
[WhiteElo "2663"]
[BlackElo "2611"]
[PlyCount "204"]
[EventDate "2004.10.03"]
[EventType "team-swiss"]
[EventRounds "7"]
[EventCountry "TUR"]
[SourceTitle "CBM 104"]
[Source "ChessBase"]
[SourceDate "2005.01.27"]
[SourceVersion "1"]
[SourceVersionDate "2005.01.27"]
[SourceQuality "1"]
[WhiteTeam "Sarajevo Bosna"]
[BlackTeam "Kazan Ladya"]
[WhiteTeamCountry "BIH"]
[BlackTeamCountry "RUS"]

1. d4 d5 2. c4 e6 3. Nf3 c6 4. Qc2 Nf6 5. Bg5 h6 6. Bxf6 Qxf6 7. Nbd2 Nd7 8. g3 Bb4 9. Bg2 O-O 10. O-O Bxd2 11. Qxd2 dxc4 12. Qc3 b5 13. a4 $146 ({RR} 13. b3 Nb6 14. bxc4 Nxc4 15. Ne5 Nxe5 16. dxe5 Qe7 17. Qxc6 Rb8 18. Qd6 Qxd6 19. exd6 Rd8 20. Rfd1 e5 21. Rac1 Be6 22. a3 Bc4 23. Bd5 Rbc8 24. Bxc4 bxc4 25. Kg2 f6 26. Rd5 Kf7 27. Rc3 Ke6 {Fridman,D (2592)-Frolyanov,D (2489) Cappelle la Grande 2004 ½-½}) 13... Bb7 14. Qa5 Qd8 15. axb5 Qxa5 16. Rxa5 cxb5 17. Rxb5 Bc6 18. Rb4 Bd5 19. Re1 Rfb8 20. Rxb8+ Rxb8 21. e4 Bc6 22. Nd2 Rb4 23. Rc1 Nb6 24. b3 Bb5 25. bxc4 Nxc4 26. Nb1 a5 27. Nc3 Bd7 28. Na2 Rb2 29. Rxc4 Rxa2 30. Rc5 a4 31. Bf1 Rd2 32. d5 exd5 33. exd5 Kf8 34. Ra5 Ke7 35. h4 Rd1 36. Ra7 Kd6 37. Kg2 Rc1 38. Bd3 Rc7 39. Ra5 Rc5 40. Ra7 f6 41. Be4 f5 42. Ra6+ Ke5 43. Bf3 g5 44. Bd1 Bb5 45. Rxh6 a3 46. Bb3 Rc3 47. Ba2 Rc2 48. Rb6 Bd7 49. Bb1 a2 50. Bxa2 Rxa2 51. hxg5 Kxd5 52. g6 Be6 53. g7 Ra8 54. f4 Rg8 55. Rb7 Kd6 56. Kf2 Bd7 57. Rb6+ Ke7 58. Rg6 Kf7 59. Rd6 Be6 60. Ra6 Rxg7 61. Ra5 Kf6 62. Ra6 Rb7 63. Kg2 Rg7 64. Rb6 Rg6 65. Ra6 Kg7 66. Ra7+ Kh6 67. Ra5 Rf6 68. Kh3 Kg6 69. Rc5 Rf7 70. Rc6 Kf6 71. Ra6 Rb7 72. Rc6 Rb8 73. Ra6 Ke7 74. Ra7+ Bd7 75. Ra6 Rc8 76. Ra7 Rh8+ 77. Kg2 Kd6 78. Ra5 Bc6+ 79. Kf2 Bd5 80. Ra6+ Kc5 81. Ra5+ Kd4 82. Ra4+ Kd3 83. Ra3+ Kd2 84. Ra5 Be4 85. Ra2+ Kc3 86. Ra3+ Kb4 87. Ra7 Rc8 88. Rg7 Rc2+ 89. Ke3 Rc3+ 90. Kd4 Bf3 91. Rg8 Kb3 92. Rb8+ Kc2 93. Rh8 Rd3+ 94. Ke5 Bg4 95. Rh2+ Kd1 96. Rg2 Ke1 97. Kf6 Kf1 98. Ra2 Rxg3 99. Ra5 Kg2 100. Kg5 Bh3+ 101. Kf6 Kf3 102. Ke5 Kg4 0-1

[Event "1st 3-0 Thu 12th Feb 2026"]
[Site "chess.com INT"]
[Date "2026.02.12"]
[Round "10"]
[White "Nakamura, Hi"]
[Black "Bluebaum, M."]
[Result "1/2-1/2"]
[WhiteElo "2810"]
[BlackElo "2684"]
[PlyCount "204"]
[EventDate "2026.02.12"]

1. d4 d5 2. c4 e6 3. Nf3 Nf6 4. e3 Bd6 5. b3 O-O 6. Bd3 b6 7. cxd5 exd5 8. Ba3 Bxa3 9. Nxa3 c5 10. O-O Bb7 11. Rc1 Qe7 12. Nb5 Nc6 $146 ({RR} 12... a6 13. Nc3 Nbd7 14. Re1 Rac8 15. Qe2 b5 16. dxc5 Nxc5 17. Bf5 {½-½ (17) Berkes,F (2645)-Motylev,A (2628) Budapest HUN 2022}) ({RR} 12... a6 13. Nc3 Nbd7 14. Re1 Rac8 15. Qe2 b5 16. dxc5 Nxc5 17. Bf5 {½-½ (17) Berkes,F (2645)-Motylev,A (2628) Budapest HUN 2022}) 13. Re1 Rfd8 14. Nc3 Rac8 15. Bf5 Rb8 16. dxc5 bxc5 17. Na4 c4 18. Nd4 Qe5 19. Bb1 Nxd4 20. Qxd4 Qxd4 21. exd4 Bc6 22. Nc5 cxb3 23. axb3 Re8 24. Rxe8+ Bxe8 25. f3 Kf8 26. Bc2 Nd7 27. Bd1 Rb4 28. Kf2 Rxd4 29. Ke3 Rb4 30. Nxd7+ Bxd7 31. Rc7 Be6 32. Rxa7 d4+ 33. Kd3 Bxb3 34. Bxb3 Rxb3+ 35. Kxd4 Rb2 36. Ra8+ Ke7 37. Ra7+ Ke6 38. Ra6+ Ke7 39. Ra7+ Kf6 40. Ra6+ Kf5 41. Ra5+ Kg6 42. g3 Rxh2 43. Ke3 Rb2 44. g4 Rb3+ 45. Kf2 Rb4 46. Kg3 f6 47. Ra6 h5 48. gxh5+ Kxh5 49. Ra5+ g5 50. Rc5 Kg6 51. Rc6 Ra4 52. Rb6 Ra5 53. Rc6 Kf5 54. Rb6 Re5 55. Rc6 Re6 56. Rc5+ Re5 57. Rc6 Rd5 58. Ra6 Rb5 59. Rc6 Ra5 60. Rb6 Ra3 61. Rc6 Rd3 62. Rb6 Rd5 63. Ra6 Ke5 64. f4+ gxf4+ 65. Kf3 Rd3+ 66. Kf2 Ke4 67. Ra4+ Rd4 68. Ra2 f3 69. Ra3 Rd2+ 70. Kf1 Kf4 71. Ra8 Rb2 72. Rf8 Rb6 73. Kf2 Ra6 74. Rf7 f5 75. Rf8 Ra2+ 76. Kf1 Ra4 77. Kf2 Rb4 78. Rf7 Rb2+ 79. Kf1 Re2 80. Rf8 Rh2 81. Rf7 Rh8 82. Kf2 Rg8 83. Rf6 Ra8 84. Rf7 Ra2+ 85. Kf1 Kg4 86. Rf8 f2 87. Rf7 Kf4 88. Kg2 Rb2 89. Ra7 Rd2 90. Ra3 Re2 91. Rf3+ Kg4 92. Rg3+ Kf4 93. Rf3+ Ke4 94. Rh3 f4 95. Ra3 Re3 96. Ra4+ Kf5 97. Kxf2 Kg4 98. Ra8 Rf3+ 99. Kg2 Rg3+ 100. Kf2 Rf3+ 101. Kg2 Rg3+ 102. Kf2 Rf3+ 1/2-1/2

[Event "Titled Tue 24th Oct Early"]
[Site "chess.com INT"]
[Date "2023.10.24"]
[Round "9"]
[White "Andreikin, D."]
[Black "Grischuk, A."]
[Result "1/2-1/2"]
[WhiteElo "2729"]
[BlackElo "2732"]
[PlyCount "200"]
[EventDate "2023.10.24"]

1. d4 Nf6 2. c4 e6 3. Nf3 d5 4. Bg5 dxc4 5. e4 c5 6. Nc3 cxd4 7. Qxd4 Qxd4 8. Nxd4 h6 9. Bh4 Bd7 10. Bxc4 Nc6 11. Nxc6 Bxc6 12. f3 Nd7 $146 ({RR} 12... a6 13. Rc1 Nd7 14. O-O g5 15. Bf2 Bg7 16. Rfd1 Ke7 17. Bb3 Rhc8 18. a4 b6 19. Bc4 Bxc3 20. Rxc3 Bxa4 21. Ra1 b5 22. h4 Ne5 23. Be2 Rxc3 24. bxc3 Rc8 25. Bd4 f6 26. hxg5 hxg5 27. Kf2 {Stocek,J (2471)-Samunenkov,I (2584) Czech Republic CZE 2026 0-1 (52)}) 13. Rc1 Bc5 14. Bf2 Bxf2+ 15. Kxf2 Ke7 16. Rhd1 Ne5 17. Be2 g5 18. Ke3 Rad8 19. b4 Rxd1 20. Rxd1 Rc8 21. Rc1 Bd7 22. a3 Nc4+ 23. Bxc4 Rxc4 24. Kd3 Rc8 25. Kd4 Rd8 26. Ke3 Rc8 27. Kd4 Rd8 28. Ke3 Rc8 29. e5 Rc4 30. Ne2 Rxc1 31. Nxc1 f5 32. g3 Bc6 33. Nb3 Bd5 34. Nd4 Kd7 35. f4 g4 36. Kd2 Bc4 37. Kc3 Bf1 38. b5 Bg2 39. Kb4 b6 40. a4 Bd5 41. a5 Be4 42. Nb3 Bd5 43. Nd2 Kc7 44. Nf1 Be4 45. Ne3 Bd3 46. Nd1 Be4 47. Nb2 Bd5 48. Na4 Be4 49. Nc3 Bf3 50. Nb1 Be4 51. Nd2 Bd5 52. Nf1 Bf3 53. Ne3 Be2 54. Nc2 Bf3 55. Nd4 Bd5 56. Ka4 Kd7 57. Nc2 Bf3 58. Ne3 Be2 59. Kb4 Kc7 60. Ka4 Kd7 61. a6 Kc7 62. Kb4 Kd7 63. Nc2 Bf3 64. Nd4 Bd5 65. Kc3 Kc7 66. Kd2 Kd7 67. Ke3 Kc7 68. Kf2 Kd7 69. Kg1 Kc7 70. h3 h5 71. Kh2 Kd7 72. h4 Kc7 73. Kg1 Kd7 74. Kf2 Kc7 75. Ke3 Kd7 76. Kd3 Kc7 77. Kc3 Kd7 78. Nc2 Bf3 79. Ne3 Be2 80. Kb4 Kc7 81. Nc2 Bf3 82. Na3 Be2 83. Nb1 Bf3 84. Nc3 Kd7 85. Na4 Kc7 86. Nb2 Be2 87. Ka4 Kd7 88. Kb4 Kc7 89. Na4 Bf3 90. Nc3 Kd7 91. Nb1 Kc7 92. Nd2 Bd5 93. Nf1 Bf3 94. Ne3 Be2 95. Nc2 Bf3 96. Kc3 Kd7 97. Nb4 Kc7 98. Kd4 Kd7 99. Kc3 Kc7 100. Nc2 Kd7 1/2-1/2

[Event "Esports World Cup 2025"]
[Site "Riyadh KSA"]
[Date "2025.08.01"]
[Round "3.1"]
[White "Nakamura, Hi"]
[Black "Erigaisi, Arjun"]
[Result "1-0"]
[WhiteElo "2807"]
[BlackElo "2776"]
[PlyCount "183"]
[EventDate "2025.07.31"]
[EventType "k.o."]

1. d4 d5 2. c4 e6 3. Nf3 Nf6 4. e3 Be7 5. b3 O-O 6. Bb2 c5 7. dxc5 Bxc5 8. cxd5 exd5 9. Be2 Nc6 10. O-O Bg4 11. h3 $146 ({RR} 11. Na3 Ne4 12. Nc2 Rc8 13. Nfd4 Bxe2 14. Nxe2 Qg5 15. Ncd4 Nxd4 16. Nxd4 a6 17. Rc1 h5 18. Qe2 Bxd4 19. Bxd4 Qf5 20. Bb2 h4 21. h3 f6 22. Rfd1 Rxc1 23. Rxc1 Rc8 24. Rxc8+ Qxc8 25. Qd3 Qc5 {Kuzubov,Y (2627)-Navara,D (2681) Bydgoszcz 2022 ½-½ (33)}) 11... Bh5 12. Nc3 a6 13. Nh4 Bg6 14. Nxg6 hxg6 15. Bf3 Ne7 16. Rc1 Qd6 17. Qd2 Ba3 18. Bxa3 Qxa3 19. Rc2 Rad8 20. Rfc1 Nc6 21. Nb1 Qe7 22. Qe1 Rfe8 23. Qf1 g5 24. Nc3 Ne5 25. Ne2 g4 26. hxg4 Nfxg4 27. Bxg4 Nxg4 28. g3 Qg5 29. Nf4 Qh6 30. Qh3 Qxh3 31. Nxh3 d4 32. exd4 Rxd4 33. Rc4 Rxc4 34. Rxc4 Ne5 35. Rc7 b5 36. Ra7 Nd3 37. Rxa6 f6 38. Rd6 Nc1 39. Rb6 Re5 40. a4 bxa4 41. bxa4 Ra5 42. Nf4 Rxa4 43. Rb7 Ra6 44. Kg2 Na2 45. Nd5 Kf8 46. g4 Ra5 47. Nf4 Kg8 48. Ne6 g5 49. Rg7+ Kh8 50. Rg6 Nc3 51. Rxf6 Kh7 52. f3 Re5 53. Nd4 Nd5 54. Ra6 Nf4+ 55. Kf2 Rd5 56. Ra4 Kg6 57. Nf5 Rd2+ 58. Ke3 Re2+ 59. Kd4 Rd2+ 60. Kc4 Rc2+ 61. Kb5 Rf2 62. Ra6+ Kf7 63. Ra3 Kf6 64. Nd6 Rb2+ 65. Kc6 Rc2+ 66. Kb5 Rb2+ 67. Kc4 Rc2+ 68. Kb3 Rc6 69. Ne4+ Kg6 70. Ra5 Ne6 71. Rd5 Rb6+ 72. Kc4 Ra6 73. Re5 Rb6 74. Rf5 Ra6 75. Kb4 Rb6+ 76. Ka5 Rc6 77. Rd5 Kh6 78. Re5 Kg6 79. Rd5 Kh6 80. Kb5 Rc7 81. Rd6 Rb7+ 82. Kc6 Re7 83. Kd5 Kg7 84. Rxe6 Rd7+ 85. Nd6 Ra7 86. Re7+ Rxe7 87. Nf5+ Kf6 88. Nxe7 Kxe7 89. Ke5 Kf7 90. Kf5 Kf8 91. Kxg5 Kg8 92. f4 1-0